| 000 | 00446nam a2200157 i 4500 | ||
|---|---|---|---|
| 001 | 82439 | ||
| 003 | ES-MaACL | ||
| 005 | 20230906174655.0 | ||
| 007 | t| | ||
| 008 | 041110s1963 sp ||||1| spa d | ||
| 100 | 1 |
_aIbars Ibars, María. _964978 |
|
| 245 | 1 | 0 |
_aA la sombra del Montgó Graciamar _b: novela / _cpor María Ibars Ibars. |
| 260 |
_aValencia : _b[s.n., _c1963] |
||
| 300 |
_a315 p. ; _c18 cm. |
||
| 852 |
_aES-MaACL _jC-24690 _bR.53041 |
||
| 999 |
_c82439 _d82439 |
||